The introspective engineer / (Record no. 544741)

000 -LEADER
fixed length control field 00669pam a2200217 a 4500
020 ## - INTERNATIONAL STANDARD BOOK NUMBER
International Standard Book Number 031213987X
082 00 - DEWEY DECIMAL CLASSIFICATION NUMBER
Classification number 620.001
Author Mark FLO
-- L-38, P-67
100 1# - MAIN ENTRY--PERSONAL NAME
Personal name Florman, Samuel C.
9 (RLIN) 3100
245 14 - TITLE STATEMENT
Title The introspective engineer /
Statement of responsibility, etc. Samuel C. Florman.
250 ## - EDITION STATEMENT
Edition statement 1st ed.
260 ## - PUBLICATION, DISTRIBUTION, ETC.
Place of publication, distribution, etc. New York :
Name of publisher, distributor, etc. St. Martin's Press,
Date of publication, distribution, etc. c1996.
300 ## - PHYSICAL DESCRIPTION
Extent xii, 244 p. ;
Dimensions 22 cm.
500 ## - GENERAL NOTE
General note "A Thomas Dunne book."
500 ## - GENERAL NOTE
General note Includes index.
526 ## - STUDY PROGRAM INFORMATION NOTE
Program name 0
Interest level 0
Reading level 0
Title point value 620_001000000000000_FLO
650 #0 - SUBJECT ADDED ENTRY--TOPICAL TERM
Topical term or geographic name entry element Engineering
General subdivision Philosophy.
9 (RLIN) 3101
650 #0 - SUBJECT ADDED ENTRY--TOPICAL TERM
Topical term or geographic name entry element Engineering
General subdivision Psychological aspects.
9 (RLIN) 3102
650 #0 - SUBJECT ADDED ENTRY--TOPICAL TERM
Topical term or geographic name entry element MCE
9 (RLIN) 379
650 #0 - SUBJECT ADDED ENTRY--TOPICAL TERM
Topical term or geographic name entry element Technology
General subdivision Philosophy.
9 (RLIN) 3103
942 ## - ADDED ENTRY ELEMENTS (KOHA)
Source of classification or shelving scheme
Koha item type Book
Holdings
Withdrawn status Lost status Source of classification or shelving scheme Damaged status Not for loan Permanent Location Current Location Date acquired Total Checkouts Full call number Barcode Date last seen Date last checked out Price effective from Koha item type
          Military College of Engineering (MCE) Military College of Engineering (MCE) 05/12/2014 1 620.001 FLO MCE-29641 05/13/2014 05/13/2014 05/12/2014 Book
© 2023 Central Library, National University of Sciences and Technology. All Rights Reserved.